| 000 | 00656nam a2200241Ia 4500 | ||
|---|---|---|---|
| 008 | 180523s9999 xx 000 0 und d | ||
| 020 | _a0-14-20-0156-2 | ||
| 050 | _aMAIN QL 121 | ||
| 050 | _b.E45 2001 | ||
| 100 | _aEllis, Richard. | ||
| 245 | 0 | _aAquagenesis : | |
| 245 | 4 | _bthe original and evolutions of life in the sea / | |
| 245 | 0 | _cRichard Ellis. | |
| 260 | _aNew York : | ||
| 260 | _bPenguin Group, | ||
| 260 | _c2001 | ||
| 300 | _a304 pages : | ||
| 300 | _billustrations ; | ||
| 300 | _c24 cm. | ||
| 500 | _aIncludes bibliographical references and index. | ||
| 650 | _aMarine animals -- Evolution. | ||
| 650 | _xLife -- Origin. | ||
| 999 |
_c357572 _d357572 |
||